000 01315cam a22003494a 4500
999 _c116142
_d116142
001 13416677
003 OSt
005 20200613124416.0
008 031125s2004 nmua b 001 0 eng
010 _a 2003026005
020 _a1930618409 (cl : alk. paper)
020 _a1930618417 (paper : alk. paper)
040 _aDLC
_cDLC
_dDLC
042 _apcc
050 0 0 _aGN492
_b.A5923 2004
082 0 0 _a306.2 DAS
_222
245 0 0 _aAnthropology in the margins of the state /
_cedited by Veena Das and Deborah Poole.
250 _a1st ed.
260 _aSanta Fe, N.M. :
_bSchool of American Research Press ;
_aOxford [England] :
_bJames Currey,
_c2004.
300 _aix, 330 p. :
_bill. ;
_c23 cm.
440 0 _aSchool of American Research advanced seminar series
504 _aIncludes bibliographical references (p. 289-320) and index.
650 0 _aPolitical anthropology.
650 0 _aState, The.
650 0 _aMarginality, Social.
700 1 _aDas, Veena.
700 1 _aPoole, Deborah.
856 4 1 _3Table of contents
_uhttp://www.loc.gov/catdir/toc/ecip0411/2003026005.html
906 _a7
_bcbc
_corignew
_d1
_eecip
_f20
_gy-gencatlg
942 _2ddc
_cIR